header

PHYSICS: Student study guide & solutions manual (Record no. 251955)

MARC details
000 -LEADER
fixed length control field 00263nam a22001097a 4500
020 ## - INTERNATIONAL STANDARD BOOK NUMBER
ISBN 0130843652
100 ## - MAIN ENTRY--AUTHOR NAME
Personal name wilson, buffa
245 ## - TITLE STATEMENT
Title PHYSICS: Student study guide & solutions manual
250 ## - EDITION STATEMENT
Edition statement 4th ed.
260 ## - PUBLICATION, DISTRIBUTION, ETC. (IMPRINT)
Place of publication USA
Name of publisher PRENTICE HALL
Year of publication 2000
942 ## - ADDED ENTRY ELEMENTS (KOHA)
Koha item type Short Loan Books
Holdings
Withdrawn status Lost status Collection code Home library Current library Shelving location Date acquired Full call number Accession Number Koha item type
    Reference Rongo University Library Rongo University Library Reference 18/01/2016 REF QC21.2 .W548 2000 20088579 Short Loan Books

© 2026 Rongo University
Contact us: librarian | system librarian | Rongo university